| Registos Bibliográficos associados ao registo de autoridade |
|
Etiqueta de registo: 00254nam 2200025 450 001 2283409 003 http://id.bnportugal.gov.pt/bib/catbnp/2283409 010 ## $a978-989-9300-03-3 021 ## $aPT$b557146/25 100 ## $a20260401d2025 m y0pory01030103ba 101 1# $apor 102 ## $aPT 105 ## $aa z 000yy 106 ## $ar 200 1# $aPor uma causa maior$earte, cidadania e idadismo no envelhecimento$fcoord. Paula Varanda, Raquel Ermida$gCarlota Quintão... [et al.]$gtrad. Susana Jesus Santos$gfot. Bruno Simão... [et al.] 210 #9 $aLisboa$cCompanhia Maior,$dcop. 2025 215 ## $a251, [1] p.$cil.$d22 cm 675 ## $a316.346-053.9(042)$vBN$zpor$31223315 675 ## $a792/793-053.9(042)$vBN$zpor$31999061 675 ## $a7.011-053.9(042)$vBN$zpor$31999050 702 #1 $aErmida,$bRaquel$4340$31994483 702 #1 $aQuintão,$bCarlota$4070$31869253 702 #1 $aSimão,$bBruno$4600$31733289 702 #1 $aSantos,$bSusana de Jesus$4730$31048024 702 #1 $aVaranda,$bPaula$4340$31496257 801 #0 $aPT$bBN$gRPC 856 41 $uhttp://rnod.bnportugal.gov.pt/ImagesBN/winlibimg.aspx?skey=&doc=2283409&img=222570&save=true 900 ## $aBIBNAC$d20260605 966 ## $lBN$mFGMON$sS.C. 169186 V.$x1 966 ## $lBN$mFGMON$sS.C. 169186 V.-D$x1 971 ## $cisantos$d20260401 973 ## $ctrodrigues$d20260522 975 ## $e0$d20260605$viquintas
|
|
|